Normal view
MARC view
Entry Personal Name
001 - CONTROL NUMBER
- control field: 59908
003 - CONTROL NUMBER IDENTIFIER
- control field:
005 - DATE AND TIME OF LATEST TRANSACTION
- control field: 20241008132514.0
008 - FIXED-LENGTH DATA ELEMENTS
- fixed length control field: 241008|| aca||aabn | a|a d
040 ## - CATALOGING SOURCE
- Original cataloging agency:
- Transcribing agency:
100 ## - HEADING--PERSONAL NAME
- Personal name: Willoughby, L.A
670 ## - SOURCE DATA FOUND
- Source citation: Work cat.: ()20543: WILKINSON, Elizabeth Mary aut 41379, Goethe, poet and thinker :, 1963, c1962
